Politics and society in colonial America : (Record no. 36492)
[ view plain ]
| 000 -LEADER | |
|---|---|
| fixed length control field | 01528nam a22002531 4500 |
| 001 - CONTROL NUMBER | |
| control field | 36492 |
| 003 - CONTROL NUMBER IDENTIFIER | |
| rucl marc code | BD-RjUL |
| 005 - DATE AND TIME OF LATEST TRANSACTION | |
| control field | 20211209052508.0 |
| 008 - FIXED-LENGTH DATA ELEMENTS--GENERAL INFORMATION | |
| fixed length control field | 140624s1967 nyu b 000 0 eng |
| 035 ## - SYSTEM CONTROL NUMBER | |
| System control number | (BD-RjUL)36592 |
| 040 ## - CATALOGING SOURCE | |
| Original cataloging agency | DLC |
| Transcribing agency | DLC |
| Modifying agency | BD-RjUL |
| Language of cataloging | eng |
| 041 ## - LANGUAGE CODE | |
| Language code of text/sound track or separate title | eng |
| 082 00 - DEWEY DECIMAL CLASSIFICATION NUMBER | |
| Classification number | 973.2 |
| Author mark and year | POL 1967 |
| 245 10 - TITLE STATEMENT | |
| Title | Politics and society in colonial America : |
| Statement of responsibility, etc. | Edited by Michael G. Kammen. |
| Remainder of title | democracy or deference? / |
| 260 ## - PUBLICATION, DISTRIBUTION, ETC. (IMPRINT) | |
| Place of publication, distribution, etc. | New York : |
| Name of publisher, distributor, etc. | Holt, Rinehart and Winston, |
| Date of publication, distribution, etc. | c1967. |
| 300 ## - PHYSICAL DESCRIPTION | |
| Pagination | 122 p. ; |
| Size | 24 cm. |
| 504 ## - BIBLIOGRAPHY, ETC. NOTE | |
| Bibliography, etc | Includes Bibliography. |
| 505 0# - FORMATTED CONTENTS NOTE | |
| Formatted contents note | The concept of aristocracy, by B. K. Brown.--The concept of democracy, by R. N. Lokken.--The decline of political democracy in Plymouth, by G. D. Langdon.--Democracy in Massachusetts Bay; A debate, by J. Cary and R. E. Brown.--Local democracy in Connecticut; a case study, by C. S. Grant.--Aristocratic domination in New York, by C. L. Becker.--Democracy and politics in New York, by M. M. Klein.--Virginia; a semiaristocratic political system, by C. S. Sydnor.--Representation in Virginia; the echo of the people, by R. E. and B. K. Brown.--Suffrage and the Revolution, by C. Williamson.--Political thought before the Revolution, by R. V. W. Buel.--The Revolution and a changing political culture, by B. Bailyn.--A Whig world of politics and society, by J. R. Pole. |
| 651 #0 - SUBJECT ADDED ENTRY--GEOGRAPHIC NAME | |
| Geographic name | United States |
| General subdivision | Politics and government |
| Chronological subdivision | To 1775. |
| 9 (RLIN) | 111098 |
| 700 1# - ADDED ENTRY--PERSONAL NAME | |
| Personal name | Kammen, Michael G. |
| 942 ## - ADDED ENTRY ELEMENTS (KOHA) | |
| Source of classification or shelving scheme | Dewey Decimal Classification |
| Koha item type | Books |
| Lost status | Source of classification or shelving scheme | Damaged status | Not for loan | Collection code | Permanent Location | Current Location | Shelving location | Date acquired | Source of acquisition | Cost, normal purchase price | Total Checkouts | Full call number | Date last seen | Copy number | Koha item type |
|---|---|---|---|---|---|---|---|---|---|---|---|---|---|---|---|
| Dewey Decimal Classification | Not For Loan | Non-fiction | Central Library, University of Rajshahi | Central Library, University of Rajshahi | Reading Room | Euro-Bangladesh News Agency. | 42.50 | 973.2 POL 1967 | 24/06/2014 | C-1 | Books |